| 000 | 00784nam a2200205Ia 4500 | ||
|---|---|---|---|
| 003 | GCL | ||
| 008 | 140319s9999 xx 000 0 ara d | ||
| 040 |
_aGCL / _cGCL |
||
| 082 | 0 | 4 |
_a693.852 _bا ت |
| 100 | 1 | _aامبروز جيمى | |
| 245 | 1 | 0 |
_aالتصميم المبسط للابنية الخاضعة لقوى الرياح والهزات الارضية / _cامبروز جيمى |
| 700 | 1 | _aفيرغان ديمترى | |
| 250 | _aالاولى | ||
| 260 |
_aسوريا : _bشعاع للنشر والعلوم ، _c2001 |
||
| 300 |
_a472 ص ؛ _c25 سم |
||
| 650 | 0 | 4 | _aالمبانى - الوقاية ضد الزلازل |
| 650 | 0 | 4 | _aالمبانى - المواصفات القياسية |
| 650 | 0 | 4 | _aالمبانى - الوقاية ضد الرياح |
| 942 |
_2ddc _cBK |
||
| 999 |
_c51130 _d51130 |
||